[Event "World Chess Olympiad 2018"]
[Site "Batumi"]
[Date "2018.09.27"]
[Round "4"]
[Board "4"]
[WhiteFideId "1319620"]
[White "Studer Noel"]
[BlackFideId "14608502"]
[Black "Markoja Boris"]
[Result "1/2-1/2"]
[LiveChessVersion "1.4.8"]
[BlackElo "2456"]
[WhiteElo "2484"]

1. d4 {[%clk 1:30:57]} d5 {[%clk 1:30:52]} 2. c4 {[%clk 1:31:11]} e6
{[%clk 1:31:18]} 3. Nf3 {[%clk 1:31:35]} Nf6 {[%clk 1:31:42]} 4. g3
{[%clk 1:31:55]} Be7 {[%clk 1:32:00]} 5. Bg2 {[%clk 1:32:12]} O-O
{[%clk 1:32:23]} 6. O-O {[%clk 1:32:15]} dxc4 {[%clk 1:32:43]} 7. Qc2
{[%clk 1:32:41]} b6 {[%clk 1:33:04]} 8. Bg5 {[%clk 1:31:25]} Ba6 {[%clk 1:33:14]}
9. Nc3 {[%clk 1:18:27]} Nd5 {[%clk 1:26:09]} 10. Bxe7 {[%clk 1:16:13]} Qxe7
{[%clk 1:26:32]} 11. Ne5 {[%clk 1:05:45]} c6 {[%clk 1:17:16]} 12. Ne4
{[%clk 1:03:53]} Rc8 {[%clk 1:02:54]} 13. Nxc4 {[%clk 0:59:38]} Nd7
{[%clk 0:56:00]} 14. Rac1 {[%clk 0:56:22]} Rc7 {[%clk 0:46:46]} 15. Qa4
{[%clk 0:40:04]} Bxc4 {[%clk 0:34:14]} 16. Qxc4 {[%clk 0:38:15]} Rac8
{[%clk 0:34:24]} 17. Nc3 {[%clk 0:37:14]} N7f6 {[%clk 0:28:50]} 18. a3
{[%clk 0:33:41]} Nxc3 {[%clk 0:27:19]} 19. Rxc3 {[%clk 0:30:30]} Nd5
{[%clk 0:22:16]} 20. Rc2 {[%clk 0:29:41]} c5 {[%clk 0:21:19]} 21. Bxd5
{[%clk 0:30:03]} exd5 {[%clk 0:20:32]} 22. Qxd5 {[%clk 0:24:36]} Rd8
{[%clk 0:20:45]} 23. Qe5 {[%clk 0:22:43]} Rxd4 {[%clk 0:20:06]} 24. Qxe7
{[%clk 0:23:09]} Rxe7 {[%clk 0:20:32]} 25. b4 {[%clk 0:23:31]} g6
{[%clk 0:17:30]} 26. bxc5 {[%clk 0:13:05]} bxc5 {[%clk 0:17:48]} 27. Rxc5
{[%clk 0:13:31]} Ra4 {[%clk 0:16:53]} 28. Rc3 {[%clk 0:12:26]} Rxe2
{[%clk 0:17:07]} 29. Rd1 {[%clk 0:12:50]} Re7 {[%clk 0:16:48]} 30. Rd6
{[%clk 0:11:17]} Kg7 {[%clk 0:17:01]} 31. Kg2 {[%clk 0:06:05]} 1/2-1/2

[Event "World Chess Olympiad 2018"]
[Site "Batumi"]
[Date "2018.09.27"]
[Round "4"]
[Board "1"]
[WhiteFideId "14117908"]
[White "Kovalenko Igor"]
[BlackFideId "10601457"]
[Black "Amin Bassem"]
[Result "0-1"]
[LiveChessVersion "1.4.8"]
[BlackElo "2686"]
[WhiteElo "2646"]

1. e4 {[%clk 1:30:57]} e5 {[%clk 1:29:27]} 2. Nf3 {[%clk 1:31:24]} Nc6
{[%clk 1:29:47]} 3. Bc4 {[%clk 1:31:49]} Bc5 {[%clk 1:29:56]} 4. O-O
{[%clk 1:31:55]} Nf6 {[%clk 1:30:17]} 5. d3 {[%clk 1:32:22]} O-O {[%clk 1:28:28]}
6. a4 {[%clk 1:30:59]} a6 {[%clk 1:26:44]} 7. c3 {[%clk 1:30:10]} d6
{[%clk 1:25:13]} 8. Bg5 {[%clk 1:30:36]} h6 {[%clk 1:25:29]} 9. Bh4
{[%clk 1:31:03]} g5 {[%clk 1:23:30]} 10. Bg3 {[%clk 1:28:26]} Ba7
{[%clk 1:23:24]} 11. Nbd2 {[%clk 1:28:52]} Nh7 {[%clk 1:20:39]} 12. Kh1
{[%clk 1:28:25]} Kh8 {[%clk 1:19:15]} 13. b4 {[%clk 0:24:56]} h5 {[%clk 0:59:48]}
14. h4 {[%clk 0:24:23]} g4 {[%clk 0:59:32]} 15. Nh2 {[%clk 0:21:51]} f5
{[%clk 0:59:40]} 16. exf5 {[%clk 0:22:18]} Ne7 {[%clk 0:57:02]} 17. d4
{[%clk 0:17:04]} exd4 {[%clk 0:56:25]} 18. Nb3 {[%clk 0:17:31]} dxc3
{[%clk 0:44:07]} 19. f6 {[%clk 0:17:52]} Nf5 {[%clk 0:39:20]} 20. f7
{[%clk 0:18:20]} Qf6 {[%clk 0:38:50]} 21. Qe1 {[%clk 0:17:50]} Bd7
{[%clk 0:34:58]} 22. b5 {[%clk 0:06:59]} Qg7 {[%clk 0:33:06]} 23. Rc1
{[%clk 0:07:08]} axb5 {[%clk 0:33:14]} 24. axb5 {[%clk 0:07:35]} Nf6
{[%clk 0:30:29]} 25. Bf4 {[%clk 0:07:57]} Nxh4 {[%clk 0:19:06]} 26. Rxc3
{[%clk 0:07:04]} Bf5 {[%clk 0:19:14]} 27. Bg3 {[%clk 0:05:05]} Ng6
{[%clk 0:14:49]} 28. f3 {[%clk 0:05:33]} d5 {[%clk 0:15:03]} 29. fxg4
{[%clk 0:05:44]} Be4 {[%clk 0:13:52]} 30. Be2 {[%clk 0:03:27]} Rxf7
{[%clk 0:12:10]} 31. g5 {[%clk 0:03:45]} Ne8 {[%clk 0:06:25]} 32. Rxf7
{[%clk 0:04:11]} Qxf7 {[%clk 0:06:54]} 33. Bxh5 {[%clk 0:04:38]} Bb6
{[%clk 0:05:27]} 34. Be5+ {[%clk 0:02:45]} Kg8 {[%clk 0:04:39]} 35. Nd2
{[%clk 0:01:12]} Qf2 {[%clk 0:01:07]} 36. Qxf2 {[%clk 0:01:06]} Bxf2
{[%clk 0:01:35]} 37. Nxe4 {[%clk 0:00:52]} Ra1+ {[%clk 0:02:00]} 38. Nf1
{[%clk 0:01:19]} Rxf1+ {[%clk 0:02:26]} 39. Kh2 {[%clk 0:01:45]} Bg1+
{[%clk 0:02:44]} 40. Kg3 {[%clk 0:31:52]} Nxe5 {[%clk 0:32:57]} 41. Nd2
{[%clk 0:31:10]} Rf8 {[%clk 0:31:36]} 42. Bxe8 {[%clk 0:26:33]} Bf2+
{[%clk 0:30:50]} 43. Kh3 {[%clk 0:26:42]} Rxe8 {[%clk 0:31:14]} 44. Rxc7
{[%clk 0:27:09]} b6 {[%clk 0:30:57]} 45. Rb7 {[%clk 0:25:10]} Rc8
{[%clk 0:29:44]} 46. g3 {[%clk 0:22:17]} Rf8 {[%clk 0:26:58]} 47. Re7
{[%clk 0:22:02]} Nc4 {[%clk 0:26:32]} 48. Nf1 {[%clk 0:19:38]} Bc5
{[%clk 0:26:36]} 49. Re1 {[%clk 0:20:04]} d4 {[%clk 0:26:51]} 50. Kh4
{[%clk 0:20:22]} d3 {[%clk 0:27:06]} 51. Kh5 {[%clk 0:20:42]} Bb4
{[%clk 0:26:21]} 52. Rb1 {[%clk 0:20:51]} Rxf1 {[%clk 0:24:01]} 0-1

[Event "World Chess Olympiad 2018"]
[Site "Batumi"]
[Date "2018.09.27"]
[Round "4"]
[Board "2"]
[WhiteFideId "10601619"]
[White "Adly Ahmed"]
[BlackFideId "11601388"]
[Black "Neiksans Arturs"]
[Result "1-0"]
[LiveChessVersion "1.4.8"]
[BlackElo "2566"]
[WhiteElo "2620"]

1. d4 {[%clk 1:30:55]} Nf6 {[%clk 1:30:56]} 2. Nf3 {[%clk 1:31:21]} e6
{[%clk 1:31:17]} 3. g3 {[%clk 1:31:49]} b6 {[%clk 1:31:27]} 4. Bg2
{[%clk 1:32:13]} Bb7 {[%clk 1:31:52]} 5. O-O {[%clk 1:32:38]} Be7
{[%clk 1:32:16]} 6. c4 {[%clk 1:33:06]} O-O {[%clk 1:32:38]} 7. Nc3
{[%clk 1:33:33]} Ne4 {[%clk 1:32:42]} 8. Bd2 {[%clk 1:34:00]} d5 {[%clk 1:31:56]}
9. cxd5 {[%clk 1:34:19]} exd5 {[%clk 1:32:07]} 10. Rc1 {[%clk 1:34:38]} Nd7
{[%clk 1:24:00]} 11. Bf4 {[%clk 1:34:40]} c5 {[%clk 1:20:58]} 12. dxc5
{[%clk 1:33:19]} Ndxc5 {[%clk 1:19:00]} 13. Nb5 {[%clk 1:31:45]} Bf6
{[%clk 1:13:38]} 14. b4 {[%clk 1:19:11]} Ne6 {[%clk 1:10:11]} 15. Be5
{[%clk 1:19:37]} a5 {[%clk 1:02:03]} 16. a3 {[%clk 1:15:31]} axb4
{[%clk 1:02:14]} 17. axb4 {[%clk 1:15:59]} Qe7 {[%clk 0:42:49]} 18. Nc7
{[%clk 1:09:04]} Rad8 {[%clk 0:34:47]} 19. Nxe6 {[%clk 1:07:48]} fxe6
{[%clk 0:34:33]} 20. Qd4 {[%clk 1:07:27]} Nd6 {[%clk 0:25:23]} 21. Bxf6
{[%clk 1:04:32]} gxf6 {[%clk 0:24:20]} 22. Qxb6 {[%clk 1:04:40]} Nc4
{[%clk 0:23:15]} 23. Qc5 {[%clk 1:02:41]} Rd6 {[%clk 0:23:35]} 24. Rfd1
{[%clk 1:00:38]} Rc8 {[%clk 0:21:40]} 25. Qd4 {[%clk 1:00:49]} Rdd8
{[%clk 0:20:58]} 26. Qg4+ {[%clk 0:52:44]} Kh8 {[%clk 0:21:05]} 27. Nd4
{[%clk 0:53:09]} f5 {[%clk 0:19:31]} 28. Qf3 {[%clk 0:52:24]} Rf8
{[%clk 0:18:43]} 29. b5 {[%clk 0:50:44]} Qf6 {[%clk 0:18:38]} 30. Qc3
{[%clk 0:49:40]} Kg8 {[%clk 0:09:30]} 31. f4 {[%clk 0:48:36]} Rc7
{[%clk 0:09:22]} 32. Nf3 {[%clk 0:43:39]} Qe7 {[%clk 0:09:14]} 33. Qd4
{[%clk 0:44:00]} Rc5 {[%clk 0:08:49]} 34. Ne5 {[%clk 0:42:40]} Rfc8
{[%clk 0:07:03]} 35. Nxc4 {[%clk 0:42:08]} dxc4 {[%clk 0:05:15]} 36. Bxb7
{[%clk 0:42:16]} Qxb7 {[%clk 0:05:40]} 37. Qf6 {[%clk 0:42:41]} Qb6
{[%clk 0:02:02]} 38. Kf1 {[%clk 0:42:38]} Qb7 {[%clk 0:00:43]} 39. Qxe6+
{[%clk 0:42:25]} Qf7 {[%clk 0:01:05]} 40. Qxf7+ {[%clk 1:12:18]} Kxf7
{[%clk 0:31:31]} 41. b6 {[%clk 1:12:31]} Rb5 {[%clk 0:29:53]} 42. Rb1
{[%clk 1:11:32]} Rxb1 {[%clk 0:29:28]} 43. Rxb1 {[%clk 1:11:59]} Ke6
{[%clk 0:29:53]} 44. b7 {[%clk 1:12:01]} Rb8 {[%clk 0:30:19]} 45. Ke1
{[%clk 1:12:21]} 1-0

[Event "World Chess Olympiad 2018"]
[Site "Batumi"]
[Date "2018.09.27"]
[Round "4"]
[Board "3"]
[WhiteFideId "11602740"]
[White "Meshkovs Nikita"]
[BlackFideId "10613129"]
[Black "Fawzy Adham"]
[Result "1/2-1/2"]
[LiveChessVersion "1.4.8"]
[BlackElo "2431"]
[WhiteElo "2535"]

1. d4 {[%clk 1:30:57]} Nf6 {[%clk 1:30:49]} 2. Nf3 {[%clk 1:31:22]} e6
{[%clk 1:31:02]} 3. g3 {[%clk 1:31:46]} d5 {[%clk 1:31:16]} 4. c4
{[%clk 1:32:03]} dxc4 {[%clk 1:30:17]} 5. Bg2 {[%clk 1:32:23]} a6
{[%clk 1:29:00]} 6. Ne5 {[%clk 1:29:18]} Bb4+ {[%clk 1:28:23]} 7. Nc3
{[%clk 1:29:10]} Nd5 {[%clk 1:28:35]} 8. Bd2 {[%clk 1:29:26]} Nb6
{[%clk 1:28:48]} 9. e3 {[%clk 1:28:27]} N8d7 {[%clk 1:28:57]} 10. Nxd7
{[%clk 1:20:40]} Qxd7 {[%clk 1:29:08]} 11. O-O {[%clk 1:17:49]} O-O
{[%clk 1:28:16]} 12. Rc1 {[%clk 1:15:04]} e5 {[%clk 1:09:58]} 13. dxe5
{[%clk 1:12:08]} Rd8 {[%clk 1:08:24]} 14. Qe2 {[%clk 1:07:03]} Qg4
{[%clk 1:02:45]} 15. Rfe1 {[%clk 1:02:26]} c6 {[%clk 0:59:55]} 16. Ne4
{[%clk 0:53:55]} Bxd2 {[%clk 0:54:34]} 17. Nxd2 {[%clk 0:50:57]} Qxe2
{[%clk 0:51:12]} 18. Rxe2 {[%clk 0:51:22]} Bg4 {[%clk 0:51:32]} 19. f3
{[%clk 0:50:11]} Bf5 {[%clk 0:51:44]} 20. e4 {[%clk 0:50:03]} Be6
{[%clk 0:52:05]} 21. f4 {[%clk 0:43:23]} g6 {[%clk 0:50:14]} 22. Rf2
{[%clk 0:41:55]} Rd3 {[%clk 0:47:56]} 23. Bf1 {[%clk 0:39:01]} Rd4
{[%clk 0:46:56]} 24. h3 {[%clk 0:32:37]} Rad8 {[%clk 0:42:24]} 25. Rc2
{[%clk 0:32:55]} Na4 {[%clk 0:39:56]} 26. Bxc4 {[%clk 0:26:53]} Bxc4
{[%clk 0:40:14]} 27. Nxc4 {[%clk 0:22:38]} Nc5 {[%clk 0:40:34]} 28. Rfe2
{[%clk 0:21:41]} Nxe4 {[%clk 0:39:11]} 29. Kg2 {[%clk 0:21:43]} Kf8
{[%clk 0:37:07]} 30. Na5 {[%clk 0:17:59]} R8d7 {[%clk 0:35:54]} 31. Nb3
{[%clk 0:18:23]} Ra4 {[%clk 0:34:47]} 32. Re3 {[%clk 0:18:47]} Rd5
{[%clk 0:32:51]} 33. Kf3 {[%clk 0:14:55]} f5 {[%clk 0:31:48]} 34. exf6
{[%clk 0:15:07]} Nxf6 {[%clk 0:31:58]} 35. a3 {[%clk 0:13:26]} Nd7
{[%clk 0:27:29]} 36. g4 {[%clk 0:13:42]} Rd1 {[%clk 0:25:40]} 37. Rd2
{[%clk 0:00:49]} Rxd2 {[%clk 0:25:02]} 38. Nxd2 {[%clk 0:01:17]} Nf6
{[%clk 0:24:53]} 39. Nb3 {[%clk 0:01:12]} Rc4 {[%clk 0:23:31]} 40. Na5
{[%clk 0:30:55]} Rc2 {[%clk 0:52:34]} 41. Re2 {[%clk 0:29:39]} Rc1
{[%clk 0:42:14]} 42. Nxb7 {[%clk 0:29:36]} Nd5 {[%clk 0:41:34]} 43. f5
{[%clk 0:28:03]} gxf5 {[%clk 0:39:08]} 44. gxf5 {[%clk 0:28:31]} Rh1
{[%clk 0:39:18]} 45. Nd8 {[%clk 0:20:00]} Rxh3+ {[%clk 0:35:36]} 46. Ke4
{[%clk 0:20:25]} Ke7 {[%clk 0:32:42]} 47. Nxc6+ {[%clk 0:18:30]} Kd6
{[%clk 0:33:06]} 48. Nb4 {[%clk 0:18:56]} Rh4+ {[%clk 0:31:23]} 49. Kf3
{[%clk 0:19:22]} Nxb4 {[%clk 0:24:43]} 50. axb4 {[%clk 0:19:46]} Rxb4
{[%clk 0:24:57]} 51. f6 {[%clk 0:11:18]} Kd7 {[%clk 0:25:17]} 52. Re7+
{[%clk 0:11:31]} Kd8 {[%clk 0:25:22]} 53. Re6 {[%clk 0:11:52]} Kd7
{[%clk 0:25:35]} 54. Re7+ {[%clk 0:07:22]} Kd8 {[%clk 0:25:54]} 55. Rxh7
{[%clk 0:07:47]} Ke8 {[%clk 0:26:09]} 56. Ra7 {[%clk 0:08:02]} Rxb2
{[%clk 0:26:17]} 57. Rxa6 {[%clk 0:08:27]} 1/2-1/2

[Event "World Chess Olympiad 2018"]
[Site "Batumi"]
[Date "2018.09.27"]
[Round "4"]
[Board "4"]
[WhiteFideId "10600183"]
[White "Hesham Abdelrahman"]
[BlackFideId "11602945"]
[Black "Kantans Toms"]
[Result "0-1"]
[LiveChessVersion "1.4.8"]
[BlackElo "2509"]
[WhiteElo "2408"]

1. d4 {[%clk 1:30:55]} Nf6 {[%clk 1:30:52]} 2. c4 {[%clk 1:31:13]} g6
{[%clk 1:31:17]} 3. f3 {[%clk 1:31:36]} c5 {[%clk 1:31:41]} 4. d5
{[%clk 1:31:35]} d6 {[%clk 1:32:04]} 5. e4 {[%clk 1:31:47]} Bg7 {[%clk 1:32:28]}
6. Nc3 {[%clk 1:31:48]} O-O {[%clk 1:32:05]} 7. Be3 {[%clk 1:32:09]} e6
{[%clk 1:32:09]} 8. Nge2 {[%clk 1:31:59]} exd5 {[%clk 1:32:13]} 9. cxd5
{[%clk 1:32:23]} a6 {[%clk 1:31:58]} 10. a4 {[%clk 1:32:48]} Nbd7
{[%clk 1:31:55]} 11. Ng3 {[%clk 1:32:45]} Ne8 {[%clk 1:31:27]} 12. Be2
{[%clk 1:28:55]} Rb8 {[%clk 1:31:50]} 13. O-O {[%clk 1:21:10]} Nc7
{[%clk 1:29:56]} 14. f4 {[%clk 1:11:14]} b5 {[%clk 1:26:32]} 15. e5
{[%clk 1:11:28]} bxa4 {[%clk 1:17:49]} 16. Nce4 {[%clk 1:07:40]} dxe5
{[%clk 0:54:29]} 17. f5 {[%clk 1:06:53]} Rb4 {[%clk 0:43:34]} 18. d6
{[%clk 0:39:04]} Nb5 {[%clk 0:36:43]} 19. f6 {[%clk 0:37:11]} Nxf6
{[%clk 0:35:29]} 20. Bg5 {[%clk 0:28:40]} Bf5 {[%clk 0:32:58]} 21. Rxa4
{[%clk 0:17:35]} Nd4 {[%clk 0:30:18]} 22. Rxb4 {[%clk 0:12:37]} cxb4
{[%clk 0:29:58]} 23. Kh1 {[%clk 0:12:44]} h6 {[%clk 0:28:58]} 24. Nxf5
{[%clk 0:12:00]} gxf5 {[%clk 0:25:21]} 25. Nxf6+ {[%clk 0:04:14]} Bxf6
{[%clk 0:25:49]} 26. Bxh6 {[%clk 0:04:25]} Bg7 {[%clk 0:26:15]} 27. Be3
{[%clk 0:04:46]} Nxe2 {[%clk 0:25:26]} 28. Qxe2 {[%clk 0:05:03]} Qxd6
{[%clk 0:25:51]} 29. Rxf5 {[%clk 0:05:14]} Rd8 {[%clk 0:26:16]} 30. Rf1
{[%clk 0:04:52]} Qd3 {[%clk 0:25:47]} 31. Qf2 {[%clk 0:04:29]} f5
{[%clk 0:25:35]} 32. Bb6 {[%clk 0:03:42]} Rc8 {[%clk 0:23:29]} 33. Rg1
{[%clk 0:02:30]} Rc6 {[%clk 0:22:03]} 34. Ba5 {[%clk 0:02:03]} Qb5
{[%clk 0:20:46]} 35. Qa7 {[%clk 0:01:02]} Rh6 {[%clk 0:18:53]} 36. Bc7
{[%clk 0:00:36]} Qe8 {[%clk 0:16:24]} 37. Re1 {[%clk 0:00:34]} f4
{[%clk 0:14:18]} 38. Qb7 {[%clk 0:00:32]} Qc6 {[%clk 0:08:47]} 39. Qc8+ Kh7
{[%clk 0:09:08]} 40. Qf5+ {[%clk 0:30:49]} Qg6 {[%clk 0:37:29]} 41. Qd7
{[%clk 0:25:43]} Qg3 {[%clk 0:30:19]} 42. Qf5+ {[%clk 0:19:30]} Kg8
{[%clk 0:30:39]} 43. Qe6+ {[%clk 0:18:30]} Rxe6 {[%clk 0:31:03]} 44. hxg3
{[%clk 0:18:57]} fxg3 {[%clk 0:30:43]} 45. b3 {[%clk 0:16:30]} Rc6
{[%clk 0:28:42]} 46. Bb8 {[%clk 0:15:05]} Rc3 {[%clk 0:25:59]} 47. Rb1
{[%clk 0:14:29]} Kf7 {[%clk 0:26:11]} 48. Kg1 {[%clk 0:14:25]} Ke6
{[%clk 0:26:21]} 49. Kf1 {[%clk 0:14:33]} Kf5 {[%clk 0:24:06]} 50. Bd6
{[%clk 0:14:10]} a5 {[%clk 0:24:20]} 51. Be7 {[%clk 0:13:56]} Ke4
{[%clk 0:23:08]} 52. Bd8 {[%clk 0:14:00]} Bf8 {[%clk 0:15:17]} 53. Bxa5
{[%clk 0:13:34]} Bc5 {[%clk 0:15:43]} 54. Bc7 {[%clk 0:11:37]} Rc2
{[%clk 0:14:27]} 55. Re1+ {[%clk 0:09:53]} Be3 {[%clk 0:14:47]} 56. Bxe5
{[%clk 0:08:34]} Rf2+ {[%clk 0:15:06]} 57. Kg1 {[%clk 0:09:00]} Re2+
{[%clk 0:15:13]} 0-1

[Event "World Chess Olympiad 2018"]
[Site "Batumi"]
[Date "2018.09.27"]
[Round "4"]
[Board "1"]
[WhiteFideId "13602934"]
[White "Paichadze Luka"]
[BlackFideId "3208923"]
[Black "Smirnov Anton"]
[Result "1-0"]
[LiveChessVersion "1.4.8"]
[BlackElo "2549"]
[WhiteElo "2564"]

1. e4 {[%clk 1:30:53]} c5 {[%clk 1:30:19]} 2. Nf3 {[%clk 1:31:13]} d6
{[%clk 1:30:44]} 3. d4 {[%clk 1:31:40]} cxd4 {[%clk 1:31:10]} 4. Qxd4
{[%clk 1:32:07]} Nc6 {[%clk 1:31:33]} 5. Bb5 {[%clk 1:32:25]} Bd7
{[%clk 1:31:57]} 6. Bxc6 {[%clk 1:32:51]} Bxc6 {[%clk 1:32:18]} 7. Nc3
{[%clk 1:30:56]} Nf6 {[%clk 1:32:40]} 8. Bg5 {[%clk 1:31:17]} e6 {[%clk 1:33:03]}
9. O-O-O {[%clk 1:31:13]} Be7 {[%clk 1:33:27]} 10. Kb1 {[%clk 1:28:04]} O-O
{[%clk 1:33:09]} 11. Qd3 {[%clk 1:26:36]} h6 {[%clk 1:22:09]} 12. Bc1
{[%clk 1:23:26]} d5 {[%clk 0:54:27]} 13. e5 {[%clk 1:03:05]} Ne4 {[%clk 0:54:43]}
14. Qe3 {[%clk 0:54:37]} f5 {[%clk 0:42:07]} 15. Ne2 {[%clk 0:47:25]} Qb6
{[%clk 0:33:22]} 16. Nfd4 {[%clk 0:46:09]} Bd7 {[%clk 0:32:46]} 17. f3
{[%clk 0:44:52]} f4 {[%clk 0:29:30]} 18. Qg1 {[%clk 0:42:05]} Nc5
{[%clk 0:29:50]} 19. Nxf4 {[%clk 0:37:07]} Rfc8 {[%clk 0:28:50]} 20. Nfe2
{[%clk 0:29:32]} Be8 {[%clk 0:28:14]} 21. Qe1 {[%clk 0:16:55]} Na4
{[%clk 0:27:04]} 22. Qg3 {[%clk 0:15:55]} Bf7 {[%clk 0:19:44]} 23. f4
{[%clk 0:15:33]} Kh7 {[%clk 0:18:38]} 24. Qb3 {[%clk 0:14:33]} Qa6
{[%clk 0:16:26]} 25. g4 {[%clk 0:13:58]} Rc4 {[%clk 0:14:18]} 26. h4
{[%clk 0:09:33]} Rac8 {[%clk 0:12:35]} 27. h5 {[%clk 0:07:28]} Rb4
{[%clk 0:10:04]} 28. Qd3+ {[%clk 0:07:06]} Qxd3 {[%clk 0:09:36]} 29. Rxd3
{[%clk 0:05:06]} Nc5 {[%clk 0:08:39]} 30. Rc3 {[%clk 0:05:03]} Bg8
{[%clk 0:05:34]} 31. g5 {[%clk 0:04:42]} Rf8 {[%clk 0:05:32]} 32. Rg1
{[%clk 0:03:07]} Ne4 {[%clk 0:04:13]} 33. Rc7 {[%clk 0:02:20]} Bd8
{[%clk 0:04:06]} 34. g6+ {[%clk 0:02:20]} Kh8 {[%clk 0:04:35]} 35. Rc8
{[%clk 0:02:31]} Be7 {[%clk 0:03:53]} 36. Rxf8 {[%clk 0:02:49]} Bxf8
{[%clk 0:04:21]} 37. Be3 {[%clk 0:02:40]} Bc5 {[%clk 0:04:17]} 38. Rd1
{[%clk 0:01:17]} Rc4 {[%clk 0:03:28]} 39. b3 {[%clk 0:00:48]} Rb4
{[%clk 0:03:10]} 40. c3 {[%clk 0:30:49]} Rb6 {[%clk 0:33:26]} 41. Kc2
{[%clk 0:30:43]} a5 {[%clk 0:33:17]} 42. Rg1 {[%clk 0:26:23]} Ra6
{[%clk 0:33:32]} 43. Ng3 {[%clk 0:26:13]} 1-0

[Event "World Chess Olympiad 2018"]
[Site "Batumi"]
[Date "2018.09.27"]
[Round "4"]
[Board "2"]
[WhiteFideId "3202534"]
[White "Zhao Zong-Yuan"]
[BlackFideId "13602276"]
[Black "Maghalashvili Davit"]
[Result "1-0"]
[LiveChessVersion "1.4.8"]
[BlackElo "2508"]
[WhiteElo "2523"]

1. e4 {[%clk 1:30:55]} c5 {[%clk 1:30:51]} 2. Nf3 {[%clk 1:31:21]} e6
{[%clk 1:31:16]} 3. d4 {[%clk 1:31:21]} cxd4 {[%clk 1:31:40]} 4. Nxd4
{[%clk 1:31:48]} a6 {[%clk 1:32:04]} 5. Bd3 {[%clk 1:31:40]} g6 {[%clk 1:32:13]}
6. O-O {[%clk 1:26:49]} Bg7 {[%clk 1:32:29]} 7. Nb3 {[%clk 1:25:58]} Ne7
{[%clk 1:31:38]} 8. c4 {[%clk 1:26:18]} O-O {[%clk 1:28:45]} 9. Nc3
{[%clk 1:26:37]} Nbc6 {[%clk 1:28:17]} 10. Be2 {[%clk 1:23:58]} d6
{[%clk 1:23:59]} 11. Bf4 {[%clk 1:22:33]} Ne5 {[%clk 1:22:29]} 12. Qd2
{[%clk 1:20:48]} Qc7 {[%clk 1:20:05]} 13. Rac1 {[%clk 1:04:07]} b6
{[%clk 1:12:17]} 14. Bh6 {[%clk 1:04:08]} Bxh6 {[%clk 1:12:05]} 15. Qxh6
{[%clk 1:04:36]} f5 {[%clk 1:12:20]} 16. Qd2 {[%clk 0:50:42]} Bb7
{[%clk 1:04:40]} 17. Rfd1 {[%clk 0:42:34]} Rad8 {[%clk 1:01:55]} 18. f4
{[%clk 0:40:38]} N5c6 {[%clk 0:55:22]} 19. Bf3 {[%clk 0:38:41]} Na5
{[%clk 0:39:17]} 20. Nxa5 {[%clk 0:34:37]} Qc5+ {[%clk 0:36:54]} 21. Kh1
{[%clk 0:30:59]} Qxa5 {[%clk 0:34:52]} 22. Qe2 {[%clk 0:28:36]} e5
{[%clk 0:23:25]} 23. exf5 {[%clk 0:23:42]} Bxf3 {[%clk 0:23:46]} 24. Qxf3
{[%clk 0:24:07]} Nxf5 {[%clk 0:24:01]} 25. fxe5 {[%clk 0:22:07]} Qxe5
{[%clk 0:19:48]} 26. Re1 {[%clk 0:19:53]} Qd4 {[%clk 0:18:30]} 27. Qd5+
{[%clk 0:17:22]} Qxd5 {[%clk 0:16:24]} 28. Nxd5 {[%clk 0:17:51]} Nh4
{[%clk 0:08:05]} 29. Re2 {[%clk 0:15:59]} b5 {[%clk 0:08:00]} 30. cxb5
{[%clk 0:11:56]} axb5 {[%clk 0:08:23]} 31. g3 {[%clk 0:12:03]} Nf5
{[%clk 0:06:37]} 32. Rc7 {[%clk 0:11:29]} Rc8 {[%clk 0:06:02]} 33. Nf6+
{[%clk 0:11:53]} Rxf6 {[%clk 0:06:00]} 34. Rxc8+ {[%clk 0:12:18]} Kg7
{[%clk 0:06:23]} 35. Rc7+ {[%clk 0:06:31]} Kh6 {[%clk 0:06:43]} 36. Kg2
{[%clk 0:06:51]} d5 {[%clk 0:06:30]} 37. Rd7 {[%clk 0:06:28]} d4 {[%clk 0:06:49]}
38. h4 {[%clk 0:04:58]} g5 {[%clk 0:05:04]} 39. hxg5+ {[%clk 0:05:13]} Kxg5
{[%clk 0:05:27]} 40. Rd5 {[%clk 0:35:14]} Kg6 {[%clk 0:34:46]} 41. Kh3
{[%clk 0:33:27]} 1-0

[Event "World Chess Olympiad 2018"]
[Site "Batumi"]
[Date "2018.09.27"]
[Round "4"]
[Board "3"]
[WhiteFideId "13602608"]
[White "Sanikidze Tornike"]
[BlackFideId "3205207"]
[Black "Illingworth Max"]
[Result "1-0"]
[LiveChessVersion "1.4.8"]
[BlackElo "2512"]
[WhiteElo "2497"]

1. d4 {[%clk 1:30:48]} Nf6 {[%clk 1:30:34]} 2. c4 {[%clk 1:31:10]} e6
{[%clk 1:30:39]} 3. Nf3 {[%clk 1:31:33]} d5 {[%clk 1:30:37]} 4. Bg5
{[%clk 1:30:09]} h6 {[%clk 1:30:34]} 5. Bxf6 {[%clk 1:30:34]} Qxf6
{[%clk 1:30:54]} 6. Nc3 {[%clk 1:30:11]} c6 {[%clk 1:31:14]} 7. e3
{[%clk 1:30:07]} Nd7 {[%clk 1:31:06]} 8. Qc2 {[%clk 1:30:13]} g6 {[%clk 1:30:38]}
9. Be2 {[%clk 1:27:07]} Bg7 {[%clk 1:30:25]} 10. O-O {[%clk 1:26:54]} O-O
{[%clk 1:29:41]} 11. Rac1 {[%clk 1:23:59]} Qe7 {[%clk 1:28:15]} 12. Rfd1
{[%clk 1:17:37]} a6 {[%clk 1:22:05]} 13. a3 {[%clk 1:15:44]} dxc4
{[%clk 1:11:53]} 14. Bxc4 {[%clk 1:12:05]} b5 {[%clk 1:11:02]} 15. Ba2
{[%clk 1:01:36]} c5 {[%clk 1:10:26]} 16. dxc5 {[%clk 1:00:51]} Nxc5
{[%clk 1:05:54]} 17. b4 {[%clk 1:00:55]} Nd7 {[%clk 1:06:17]} 18. Qe4
{[%clk 0:42:03]} Nb6 {[%clk 0:56:20]} 19. Qc6 {[%clk 0:41:45]} Qa7
{[%clk 0:51:19]} 20. Rd6 {[%clk 0:32:01]} Rb8 {[%clk 0:50:38]} 21. Qc5
{[%clk 0:29:00]} Qb7 {[%clk 0:46:50]} 22. Rc6 {[%clk 0:24:51]} Nd7
{[%clk 0:40:44]} 23. Qd6 {[%clk 0:24:57]} Qa8 {[%clk 0:36:25]} 24. Rc7
{[%clk 0:16:51]} Nf6 {[%clk 0:31:26]} 25. Qe7 {[%clk 0:11:58]} Ne4
{[%clk 0:24:25]} 26. Nxe4 {[%clk 0:07:43]} Qxe4 {[%clk 0:24:49]} 27. Bb1
{[%clk 0:08:11]} Qg4 {[%clk 0:23:16]} 28. h3 {[%clk 0:05:31]} Qh5
{[%clk 0:23:39]} 29. R7c5 {[%clk 0:04:36]} e5 {[%clk 0:21:55]} 30. Nxe5
{[%clk 0:03:26]} Bxh3 {[%clk 0:16:45]} 31. Nxg6 {[%clk 0:01:09]} Qg4
{[%clk 0:16:26]} 32. Nf4 {[%clk 0:01:35]} Rbe8 {[%clk 0:12:13]} 33. Qb7
{[%clk 0:01:38]} Bb2 {[%clk 0:11:39]} 34. Rf1 {[%clk 0:01:39]} Bd4
{[%clk 0:11:18]} 35. Bf5 {[%clk 0:00:51]} Bxg2 {[%clk 0:11:22]} 36. Nxg2
{[%clk 0:00:57]} Qg7 {[%clk 0:11:27]} 37. exd4 {[%clk 0:01:19]} Qh8
{[%clk 0:11:53]} 38. Qf3 {[%clk 0:00:55]} 1-0